000 00712nam a22002177a 4500
003 OSt
005 20251118142219.0
008 251118b |||||||| |||| 00| 0 eng d
020 _a0-324-64868-5.
040 _aDWCL-Main lib
_cOC
082 _22nd ed.
_aCirc. 658.15 M497c 2007
100 _aMegginson, William L.
245 _aCorporate finance 2nd ed.
_cMegginson, William L.
260 _aAustralia :
_bThomson/South-Western,
_cc2007.
300 _axxx, (various paging) :
_billustration ;
_c27 cm.
504 _aIncludes bibliographical references and index.
650 _21. Corporations-Finance.
700 _aSmart, Scott B.
700 _aLawrence J. Gitman
942 _2ddc
_cBK-CIRC
_e2nd ed.
_kCirc.
_n0
999 _c5813
_d5813